header

Code/space (Record no. 223452)

MARC details
000 -LEADER
fixed length control field 01319nam a2200349Ia 4500
082 04 - DEWEY DECIMAL CLASSIFICATION NUMBER
Classification number 303.48/34
100 1# - MAIN ENTRY--AUTHOR NAME
Personal name Kitchin, Rob.
245 10 - TITLE STATEMENT
Title Code/space
260 ## - PUBLICATION, DISTRIBUTION, ETC. (IMPRINT)
Place of publication Cambridge, Mass. :
Name of publisher MIT Press,
Year of publication c2011.
300 ## - PHYSICAL DESCRIPTION
Number of Pages xi, 290 p. :
Other physical details ill.
490 1# - SERIES STATEMENT
Series statement Software studies
650 #0 - SUBJECT ADDED ENTRY--TOPICAL TERM
Topical Term Computers and civilization.
Topical Term Computer software
700 1# - ADDED ENTRY--PERSONAL NAME
Personal name Dodge, Martin,
856 40 - ELECTRONIC LOCATION AND ACCESS
Uniform Resource Identifier http://site.ebrary.com/lib/rucke/Doc?id=10479192

No items available.

© 2026 Rongo University
Contact us: librarian | system librarian | Rongo university